000 00520nam a2200157 a 4500
001 000032197
005 20200930063519.0
008 091014s1944 dr 000 | spa d
040 _aDO-SdBNP
_bspa
_cBNPHU
082 _axxxx
_bM839t
100 1 _aMorel, Tomás,
_d1912-
_926581
245 1 0 _aTres notas sobre literatura americana :
_bhomenaje a los Estados Unidos /
_cTomás Morel.
260 _aSantiago de los Caballeros, República Dominicana :
_bCorreo Literario,
_c1944.
300 _a58 p. ;
_c20 cm.
049 _aBNPD
999 _c31688
_d31688